00250nam a2200109Ia 4500008004100000100001200041245003000053260002100083650001200104942000700116999001700123190216s9999||||xx |||||||||||||| ||und|| aAlfilov 0aBhouthigavum Sangeethavum bBhasha Institute aPhysics cBK c39849d39849